Statistics for Oscar Nominees 2019

Click here to take the quiz!

General Stats

  • This quiz has been taken 50 times
  • The average score is 22 of 33

Answer Stats

HintAnswer% Correct
A Star Is BornLady Gaga
100%
A Star Is BornBradley Cooper
98%
A Star Is Born
93%
Bohemian RhapsodyRami Malek
93%
The Favourite
90%
Vice
90%
BlacKkKlansman
88%
The FavouriteOlivia Colman
86%
Roma
83%
Bohemian Rhapsody
81%
Black Panther
79%
ViceChristian Bale
79%
The FavouriteEmma Stone
79%
Green Book
79%
Green BookMahershala Ali
79%
Green BookViggo Mortensen
76%
The FavouriteRachel Weisz
74%
The WifeGlenn Close
69%
ViceAmy Adams
64%
BlacKkKlansmanSpike Lee
60%
Can You Ever Forgive Me?Melissa McCarthy
57%
RomaAlfonso Cuarón
55%
At Eternity's GateWillem Dafoe
55%
BlacKkKlansmanAdam Driver
50%
If Beale Street Could TalkRegina King
48%
Can You Ever Forgive Me?Richard E. Grant
45%
A Star Is BornSam Elliott
45%
ViceSam Rockwell
45%
ViceAdam McKay
38%
The FavouriteYorgos Lanthimos
36%
RomaYalitza Aparicio
29%
Cold WarPaweł Pawlikowski
26%
RomaMarina de Tavira
17%

Score Distribution

Percentile by Number Answered

Percent of People with Each Score

Your Score History

You have not taken this quiz